000 01054cam a2200325 a 4500
999 _c99
_d99
001 3472558
003 Nust
005 20170105095819.0
008 940418s1994 caua 001 0 eng d
010 _a 93087246
020 _a0782113257 :
_c$9.99
035 _a(OCoLC)29895512
040 _aNJQ
_cNJQ
_dDLC
042 _alccopycat
050 0 0 _aHF5548.4.M523
_bH4722 1994
082 0 0 _a005.369
_220
100 1 _aHergert, Douglas.
245 1 0 _aExcel 5 for Windows instant reference /
_cDouglas Hergert.
260 _aSan Francisco :
_bSybex,
_cc1994.
300 _axiii, 287 p. :
_bill. ;
_c21 cm.
440 4 _aThe Sybex instant reference series
500 _aIncludes index.
630 0 0 _aMicrosoft Excel (Computer file)
650 0 _aBusiness
_xComputer programs.
650 0 _aElectronic spreadsheets.
740 0 _aExcel five for Windows instant reference.
906 _a7
_bcbc
_ccopycat
_d2
_eopcn
_f19
_gy-gencatlg
942 _2ddc
_cBK